000 00408nab a2200145Ia 4500
003 ES-SlBCS
005 20210601125232.0
008 140529s1974 xxu||||| |||| 00| 0 eng d
041 _aeng
100 1 _aLawrie, R.
_9155791
245 0 0 _aPersonality
_c R. Lawrie
650 0 4 _aPersonalidad
_9103286
773 0 _tPhilosophy and Phenomenological Research
_gvol. 34, 1974, págs. 307-330
_wRev1411
942 _cAR
999 _c526995
_d526995